Nghiên cứu ngôn ngữ các dân tộc thiểu số Việt Nam /
Cuốn sách "Nghiên cứu ngôn ngữ các dân tộc thiểu số Việt Nam" là giáo trình cơ bản làm công cụ phục vụ cho việc học tập của sinh viên chuyên ngành.
Saved in:
| Main Author: | |
|---|---|
| Format: | Book |
| Language: | Vietnamese |
| Published: |
Hà Nội :
Đại học Quốc gia Hà Nội,
1999.
|
| Subjects: | |
| Tags: |
Add Tag
No Tags, Be the first to tag this record!
|
| Institutions: | Mạng thư viện Đại học Đà Nẵng |
|---|
| LEADER | 01120cam a2200349 i 4500 | ||
|---|---|---|---|
| 001 | 000042927 | ||
| 003 | 802 | ||
| 005 | 20030918142732.0 | ||
| 008 | 010217b1999 vm 000 vie | ||
| 020 | |c 21000 | ||
| 022 | |a T | ||
| 040 | |a IRC |c IRC |d IRC | ||
| 041 | 0 | |a vie | |
| 082 | 1 | 4 | |a 495.9274 |b TR-D |
| 100 | 1 | |a Trần Trí Dõi. | |
| 245 | 0 | 0 | |a Nghiên cứu ngôn ngữ các dân tộc thiểu số Việt Nam / |c Trần Trí Dõi. |
| 260 | |a Hà Nội : |b Đại học Quốc gia Hà Nội, |c 1999. | ||
| 300 | |a 301tr. ; |c 20cm. | ||
| 520 | 3 | |a Cuốn sách "Nghiên cứu ngôn ngữ các dân tộc thiểu số Việt Nam" là giáo trình cơ bản làm công cụ phục vụ cho việc học tập của sinh viên chuyên ngành. | |
| 630 | 0 | 4 | |a Ngôn ngữ. |
| 630 | 0 | 4 | |a Việt Nam. |
| 650 | 0 | 4 | |a Ngôn ngữ |x Dân tộc thiểu số |z Việt Nam |x Nghiên cứu. |
| OWN | |a DUT | ||
| 999 | |a From the UDN01 | ||
| TYP | |a Monograph | ||
| TYP | |a Printed language | ||
| 980 | |a Mạng thư viện Đại học Đà Nẵng | ||